Metafysiske og epistemologiske teorier - Statistics

General Stats
  • This quiz has been taken 152 times
    58 since last reset
  • The average score is 7 of 20
Answer Stats
Hint Answer % Correct
Demokrits teori om at alt som finnes består av udelelige partikler Atomisme
79%
Det som eksisterer deles inn i fysisk materie og ånd (inkl. sinnet) Dualisme
64%
Det er kun én grunnleggende substans (eller alt er tomhet) Monisme/ikke-dualisme
64%
Det finnes en idéverden utenom og i tillegg til den fysiske verden Platonsk idealisme (Platonsk realisme)
57%
Man får tentativ (foreløpig) kunnskap gjennom falsifisering i vitenskapelig metode Kritisk rasjonalisme
50%
Det eneste som finnes er materie Materialisme
50%
Man kan få sikker kunnskap gjennom fornuften med bruk av deduktiv logikk Rasjonalisme
50%
Ifølge Aristoteles består alt som finnes av Stoff og form (hylomorfisme)
50%
Man får bare kunnskap gjennom erfaring med bruk av sansene Empirisme
43%
Å tvile på om sikker kunnskap er mulig Skeptisisme
43%
Verden man oppfatter (og dermed ens kunnskap om den) blir strukturert av ens eget sinn (så man kjenner ikke tingen-i-seg-selv) Transcendental idealisme
36%
Alt som skjer er allerede forutbestemt Determinisme
21%
En materiell virkelighet finnes ikke utenfor bevisstheten til tenkende vesener Idealisme
21%
Det finnes ingen objektiv sannhet, og ulike subjektive meninger er like sanne Relativisme
14%
Det eneste du kan være sikker på at eksisterer er ditt eget sinn Subjektivisme
7%
Det eneste som virkelig eksisterer er naturen studert av naturvitenskapen Metafysisk naturalisme
0%
Virkeligheten med dens objekter eksisterer uavhengig ditt eget sinn Metafysisk realisme
0%
Man kan få sikker kunnskap gjennom bruk av vitenskap og verifisering Positivisme
0%
Ideer og hypoteser skal dømmes basert på hvor godt de fungerer i praksis Pragmatisme og instrumentalisme
0%
Det eneste som virkelig eksisterer er ditt eget sinn Solipsisme
0%
No matching quizzes found
Score Distribution
Percent of People with Each Score
Percentile by Number Answered
Your Score History
You have not taken this quiz since the last reset